Consumer marketing: (Бичлэгийн дугаар. 145659)
| 000 -УДИРДЛАГА | |
|---|---|
| Удирдлага | 00805nam a22002657a 4500 |
| 003 - ХЯНАЛТЫН ТОО ТОДОРХОЙЛОГЧ | |
| Код | MN-UlNUM |
| 005 - БИЧИЛТ ХИЙСЭН ОГНОО | |
| Тухайн бичилтийг бичсэн засварласан сүүлийн огноо | 20260123155414.0 |
| 008 - ЕРӨНХИЙ МЭДЭЭЛЭЛ | |
| Ерөнхий мэдээлэл | 251117s1996 nyu||||| |||| 001 0 eng | |
| 020 ## - ISBN | |
| ISBN | 0304338591 |
| -- | 0304334421 |
| 040 ## - БИЧЛЭГ ҮҮСГЭГЧ БАЙГУУЛЛАГА | |
| Бичлэг үүсгэгч номын сангийн код | МУИС-ийн номын сан |
| 084 ## - ББК АНГИЛАЛ | |
| Нэмэлт тусгалт | Гарын авлага |
| ББК ангилал | 65.290-2 |
| Зохиогчийн гурван тэмдэгт | R 53 |
| Мэдлэгийн ялгаа | 65 - Эдийн засаг |
| 100 1# - ЗОХИОГЧ | |
| Зохиогчийн нэр | Richard teare |
| 245 10 - ҮНДСЭН ГАРЧИГ | |
| Номын нэр | Consumer marketing: |
| Бага гарчгийн мэдээ | A Resource-Based Approach for the Hospitality and Tourism Industries |
| 260 ## - ГАРАЛТЫН МЭДЭЭ | |
| Хэвлэгдсэн газар | New York: |
| Хэвлэлийн газар | London |
| Хэвлэгдсэн он | 1996 |
| 300 ## - МАТЕРИАЛЫН ТОДОРХОЙЛОЛТ | |
| хуудасны тоо | 60p.: |
| 500 ## - Тайлбар | |
| Дансны дугаар | БС 2213 |
| 546 ## - ХЭЛНИЙ ТУХАЙ МЭДЭЭ | |
| Хэл | Англи хэл дээр, |
| 653 ## - Түлхүүр үг | |
| Түлхүүр үг | Marketing |
| 740 ## - НОМЫН ГАРЧИГ | |
| Гарчиг | Understanding Consumer Behaviour |
| 740 ## - НОМЫН ГАРЧИГ | |
| Гарчиг | Decision Models and Product Design |
| 740 ## - НОМЫН ГАРЧИГ | |
| Гарчиг | Relationship Marketing and Customer Service |
| 740 ## - НОМЫН ГАРЧИГ | |
| Гарчиг | Marketing Segmentation and Communications |
| 942 ## - ЭЛЕМЕНТИЙН ТӨРӨЛ | |
| Зүйлийн төрөл | Ном |
